MLB The Show 25 99 Overall Cards - Statistics

General Stats
  • This quiz has been taken 33 times
    29 since last reset
  • The average score is 112 of 444
Answer Stats
Team Pos Player % Correct
2 Yankees RF Aaron Judge
83%
22 Yankees RF Aaron Judge
83%
3 Dodgers DH Shohei Ohtani
74%
16 Dodgers SP Shohei Ohtani
74%
Guardians CP Cade Smith
65%
16 Free Agent SP Hilton L. Smith
65%
3 Cardinals SS Ozzie Smith
65%
23 Dodgers C Will Smith
65%
18 Yankees RF Babe Ruth
61%
22 Dodgers 1B Freddie Freeman
61%
11 Dodgers SS Mookie Betts
61%
1 Mariners 3B Edgar Martinez
57%
Yankees SP Max Fried
57%
7 Angels CF Mike Trout
57%
11 Reds SS Elly De La Cruz
52%
19 Dodgers LF Enrique Hernandez
52%
1 Guardians 3B Jose Ramirez
52%
11 Guardians 3B Jose Ramirez
52%
18 Mets RF Juan Soto
52%
4 Red Sox LF Manny Ramirez
52%
19 Yankees CF Mickey Mantle
52%
4 Dodgers SP Tyler Glasnow
52%
8 Angels RF Vladimir Guerrero
52%
20 Blue Jays 1B Vladimir Guerrero Jr.
52%
21 Blue Jays 1B Vladimir Guerrero Jr.
52%
3 Yankees SS Anthony Volpe
48%
Mets CP Edwin Diaz
48%
Mets SS Francisco Lindor
48%
4 Yankees SP Gerrit Cole
48%
1 Orioles SS Gunnar Henderson
48%
10 Orioles SS Gunnar Henderson
48%
1 Rangers C Ivan Rodriguez
48%
4 Tigers CF Javier Baez
48%
13 Mariners CF Julio Rodriguez
48%
1 D-Backs 2B Ketel Marte
48%
7 D-Backs 2B Ketel Marte
48%
20 Dodgers 2B Miguel Rojas
48%
5 Reds LF Noelvi Marte
48%
Cubs CF Pete Crow-Armstrong
48%
4 Athletics LF Rickey Henderson
48%
2 Braves RF Ronald Acuna Jr.
48%
12 Braves RF Ronald Acuna Jr.
48%
Rays 1B Yandy Diaz
48%
13 Dodgers SP Yoshinobu Yamamoto
48%
24 Dodgers SP Yoshinobu Yamamoto
48%
25 Dodgers SP Yoshinobu Yamamoto
48%
17 Red Sox CP Aroldis Chapman
43%
12 Dodgers SP Blake Snell
43%
9 Twins CF Byron Buxton
43%
3 Mariners C Cal Raleigh
43%
Mariners C Cal Raleigh
43%
2 Dodgers SP Clayton Kershaw
43%
Yankees LF Cody Bellinger
43%
8 Free Agent SP Cool Papa Bell
43%
6 Rangers SS Corey Seager
43%
3 Marlins SP Eury Perez
43%
Red Sox SP Garrett Crochet
43%
1 Blue Jays RF George Springer
43%
15 Blue Jays RF George Springer
43%
3 Red Sox LF Jarren Duran
43%
5 Phillies CP Jhoan Duran
43%
9 Nationals 1B Josh Bell
43%
Padres 3B Manny Machado
43%
Giants 3B Matt Chapman
43%
2 Athletics 1B Nick Kurtz
43%
10 Athletics 1B Nick Kurtz
43%
13 Red Sox SP Pedro Martinez
43%
3 Mets 1B Pete Alonso
43%
3 Giants 1B Rafael Devers
43%
1 Royals C Salvador Perez
43%
13 Cubs RF Seiya Suzuki
43%
2 Giants SS Willy Adames
43%
7 Yankees CF Bernie Williams
39%
Royals SS Bobby Witt Jr.
39%
19 Blue Jays SS Bo Bichette
39%
Mariners SP Bryan Woo
39%
13 Braves 3B Chipper Jones
39%
14 Yankees SS Derek Jeter
39%
9 Blue Jays 3B Ernie Clement
39%
10 Blue Jays 3B Ernie Clement
39%
6 Padres SS Fernando Tatis Jr.
39%
Padres RF Fernando Tatis Jr.
39%
5 Mets C Francisco Alvarez
39%
11 Astros 2B Jose Altuve
39%
5 Free Agent 3B Judy Johnson
39%
1 Giants SP Justin Verlander
39%
Cubs RF Kyle Tucker
39%
17 Braves 1B Matt Olson
39%
21 Dodgers 3B Max Muncy
39%
12 Cubs 2B Nico Hoerner
39%
9 Rockies 3B Nolan Arenado
39%
7 Mariners SP Randy Johnson
39%
24 Free Agent SP Satchel Paige
39%
Tigers SP Tarik Skubal
39%
2 Red Sox LF Ted Williams
39%
12 Astros LF Yordan Alvarez
39%
4 Angels SS Zach Neto
39%
8 Dodgers 3B Adrian Beltre
35%
13 Phillies 3B Alec Bohm
35%
17 Blue Jays C Alejandro Kirk
35%
Mariners CP Andres Munoz
35%
9 Pirates CF Andrew McCutchen
35%
Dodgers CF Andy Pages
35%
14 Braves 3B Austin Riley
35%
4 Orioles 3B Brooks Robinson
35%
11 Mariners SP Bryce Miller
35%
21 Yankees SP Cam Schlittler
35%
Yankees SP Carlos Rodon
35%
16 Braves SP Chris Sale
35%
D-Backs RF Corbin Carroll
35%
9 Red Sox 1B David Ortiz
35%
23 Yankees RP Devin Williams
35%
2 Mariners 3B Eugenio Suarez
35%
Astros SP Framber Valdez
35%
Guardians SP Gavin Williams
35%
6 Dodgers 2B Jackie Robinson
35%
Twins SP Joe Ryan
35%
4 Mariners CF Ken Griffey Jr.
35%
17 Dodgers CP Kenley Jansen
35%
16 Cubs SP Kerry Wood
35%
Marlins LF Kyle Stowers
35%
6 Angels C Logan O'Hoppe
35%
15 Yankees 1B Lou Gehrig
35%
1 Padres CP Mason Miller
35%
1 Braves CF Michael Harris II
35%
10 Astros SP Nolan Ryan
35%
Pirates SP Paul Skenes
35%
Phillies SP Ranger Suarez
35%
1 Red Sox SP Roger Clemens
35%
7 Blue Jays SP Roger Clemens
35%
14 Dodgers CP Roki Sasaki
35%
5 Marlins SP Sandy Alcantara
35%
1 Phillies 3B Scott Rolen
35%
1 Athletics C Shea Langeliers
35%
Tigers 1B Spencer Torkelson
35%
Phillies SS Trea Turner
35%
18 Blue Jays RF Addison Barger
30%
4 Rangers RF Adolis Garcia
30%
8 Blue Jays SS Andres Gimenez
30%
9 Orioles SS Cal Ripken Jr.
30%
2 Astros 3B Carlos Correa
30%
2 Mets CF Cedric Mullins
30%
4 Mets 3B David Wright
30%
1 Marlins SP Edward Cabrera
30%
5 D-Backs C Gabriel Moreno
30%
11 Yankees RF Giancarlo Stanton
30%
Cubs LF Ian Happ
30%
4 Padres CF Jackson Merrill
30%
17 Mets SP Jacob deGrom
30%
8 Athletics SS Jacob Wilson
30%
Blue Jays SP Kevin Gausman
30%
4 Phillies LF Kyle Schwarber
30%
Phillies LF Kyle Schwarber
30%
Mariners SP Logan Gilbert
30%
Royals 3B Maikel Garcia
30%
13 Blue Jays SP Max Scherzer
30%
15 Cubs 1B Michael Busch
30%
4 Rockies CF Preston Wilson
30%
2 Pirates RF Roberto Clemente
30%
6 Cubs RF Sammy Sosa
30%
6 Blue Jays RF Shawn Green
30%
18 Dodgers RP Will Klein
30%
8 Padres SS Xander Bogaerts
30%
15 Phillies SP Zack Wheeler
30%
10 Dodgers 1B Adrian Gonzalez
26%
Mets LF Brandon Nimmo
26%
2 D-Backs SP Brandon Webb
26%
Athletics LF Brent Rooker
26%
19 Free Agent 1B Buck O'Neil
26%
1 Mets CF Carlos Beltran
26%
Nationals SS C.J. Abrams
26%
12 Phillies SP Cristopher Sanchez
26%
1 Free Agent SP Cy Young
26%
9 Mets 2B Daniel Murphy
26%
2 Orioles RP Darren O'Day
26%
3 Blue Jays CF Daulton Varsho
26%
Tigers C Dillon Dingler
26%
8 Orioles CP Felix Bautista
26%
4 White Sox 1B Frank Thomas
26%
12 Yankees C Gary Sanchez
26%
7 Braves RF Hank Aaron
26%
8 Reds SP Hunter Greene
26%
4 Brewers CF Jackson Chourio
26%
3 Cubs SP Jake Arrieta
26%
10 Cubs SP Jake Arrieta
26%
2 Cardinals 3B Joe Torre
26%
12 Reds RP John Franco
26%
6 Yankees C Jorge Posada
26%
4 Blue Jays RF Jose Bautista
26%
10 Mariners 1B Josh Naylor
26%
4 Rays 3B Junior Caminero
26%
6 Braves LF Jurickson Profar
26%
16 Mets SP Kodai Senga
26%
5 Cubs 3B Kris Bryant
26%
Giants SP Logan Webb
26%
6 D-Backs LF Luis Gonzalez
26%
Cubs SP Matthew Boyd
26%
5 Giants C Patrick Bailey
26%
13 Yankees RF Paul O'Neill
26%
Tigers LF Riley Greene
26%
7 Red Sox CF Roman Anthony
26%
11 Red Sox 2B Romy Gonzalez
26%
2 Blue Jays SP Shane Bieber
26%
Brewers C William Contreras
26%
4 Marlins SS Xavier Edwards
26%
7 Orioles C Adley Rutschman
22%
7 Padres RP Adrian Morejon
22%
14 Brewers 1B Andrew Vaughn
22%
8 Cubs 1B Anthony Rizzo
22%
1 Astros CP Billy Wagner
22%
10 Cardinals SP Bob Gibson
22%
10 Mets 3B Brett Baty
22%
8 Brewers 2B Brice Turang
22%
1 Rays 1B Carlos Pena
22%
8 Guardians 1B Carlos Santana
22%
3 Phillies 2B Chase Utley
22%
9 Dodgers LF Chris Taylor
22%
2 Brewers SP Corbin Burnes
22%
Pirates CP Dennis Santana
22%
Braves C Drake Baldwin
22%
1 Rockies SS Ethan Holliday
22%
Brewers SP Freddy Peralta
22%
5 Guardians SP Gaylord Perry
22%
2 Padres SP Gaylord Perry
22%
9 Mariners SP George Kirby
22%
4 D-Backs SS Geraldo Perdomo
22%
1 Dodgers 1B Gil Hodges
22%
3 White Sox CP Grant Taylor
22%
3 Pirates SS Honus Wagner
22%
Rockies C Hunter Goodman
22%
13 Brewers RP Jacob Misiorowski
22%
25 Yankees CF Jasson Dominguez
22%
Yankees 2B Jazz Chisholm Jr.
22%
14 Blue Jays CP Jeff Hoffman
22%
4 Twins SP Johan Santana
22%
7 Free Agent SP John Donaldson
22%
4 Royals RF Jorge Soler
22%
2 Free Agent C Josh Gibson
22%
Astros CP Josh Hader
22%
2 Nationals RF Larry Walker
22%
6 Royals CF Lorenzo Cain
22%
6 Mets 3B Mark Vientos
22%
15 Red Sox RF Masataka Yoshida
22%
3 Rockies LF Matt Holliday
22%
5 Rangers SS Michael Young
22%
11 Braves 2B Ozzie Albies
22%
1 Brewers SS Robin Yount
22%
5 Yankees 3B Ryan McMahon
22%
4 Braves SP Tom Glavine
22%
15 Dodgers 2B Tommy Edman
22%
Yankees CF Trent Grisham
22%
5 Padres CP Trevor Hoffman
22%
11 Blue Jays SP Trey Yesavage
22%
12 Blue Jays SP Trey Yesavage
22%
3 Royals 1B Vinnie Pasquantino
22%
5 Brewers RP Abner Uribe
17%
6 Cardinals DH Adam Wainwright
17%
7 Royals LF Alex Gordon
17%
17 Yankees 2B Alfonso Soriano
17%
Reds SP Andrew Abbott
17%
3 Reds SS Barry Larkin
17%
11 Cubs 2B Ben Zobrist
17%
10 Phillies RF Bobby Abreu
17%
6 Rockies CF Brenton Doyle
17%
8 Pirates LF Bryan Reynolds
17%
9 Cubs SP Cade Horton
17%
14 Cubs C Carson Kelly
17%
1 Yankees SP C.C. Sabathia
17%
Red Sox CF Ceddanne Rafaela
17%
2 Guardians SP Corey Kluber
17%
9 Astros 2B Craig Biggio
17%
13 Mets RF Curtis Granderson
17%
3 Braves RF David Justice
17%
16 Blue Jays LF Davis Schneider
17%
3 Nationals LF Daylen Lile
17%
2 Phillies 3B Dick Allen
17%
8 Braves LF Eddie Rosario
17%
1 Reds CF Eric Davis
17%
18 Red Sox RP Garrett Whitlock
17%
9 Reds 2B Gavin Lux
17%
2 Royals 3B George Brett
17%
4 Guardians CF Grady Sizemore
17%
15 Braves SP Greg Maddux
17%
3 Tigers 1B Hank Greenberg
17%
22 Free Agent RF Hank Thompson
17%
3 Astros 1B Jeff Bagwell
17%
5 Angels CF Jim Edmonds
17%
4 Cardinals CF Jim Edmonds
17%
Angels CF Jo Adell
17%
4 Reds 2B Joe Morgan
17%
9 Phillies C J.T. Realmuto
17%
6 Tigers RF Kerry Carpenter
17%
2 White Sox C Kyle Teel
17%
3 Orioles SS Luis Aparicio
17%
12 Red Sox 3B Marcelo Mayer
17%
23 Free Agent SP Martin Dihigo
17%
15 Mets C Mike Piazza
17%
Padres SP Nick Pivetta
17%
3 Brewers 3B Paul Molitor
17%
6 Brewers 1B Prince Fielder
17%
5 Athletics CP Rollie Fingers
17%
14 Phillies SP Roy Halladay
17%
9 Brewers LF Ryan Braun
17%
8 Rockies 1B Todd Helton
17%
4 Free Agent 2B Toni Stone
17%
Orioles SP Trevor Rogers
17%
14 Red Sox SS Trevor Story
17%
2 Cubs LF Willi Castro
17%
4 Giants CF Willie Mays
17%
2 Tigers SS Alan Trammell
13%
17 Cubs RF Andre Dawson
13%
4 Pirates 2B Bill Mazeroski
13%
7 Phillies LF Brandon Marsh
13%
9 Guardians 2B Brayan Rocchio
13%
6 Twins 2B Brian Dozier
13%
11 Brewers 3B Caleb Durbin
13%
9 Athletics SP Catfish Hunter
13%
2 Rays CF Chandler Simpson
13%
7 Brewers LF Christian Yelich
13%
White Sox SS Colson Montgomery
13%
8 Mariners SS Colt Emerson
13%
1 Pirates RF Dave Parker
13%
5 Dodgers SP Don Sutton
13%
1 Nationals SS Eli Willits
13%
7 Dodgers SP Emmet Sheehan
13%
8 Royals 1B Eric Hosmer
13%
10 Guardians RF George Valera
13%
10 Twins 3B Harmon Killebrew
13%
Astros SP Hunter Brown
13%
7 Astros RF Hunter Pence
13%
9 Cardinals C Ivan Herrera
13%
4 Cubs RF Jason Heyward
13%
3 Guardians 2B Jason Kipnis
13%
8 Red Sox C Jason Varitek
13%
Phillies SP Jesus Luzardo
13%
8 Phillies SS Jimmy Rollins
13%
16 Phillies 1B Jim Thome
13%
7 Twins C Joe Mauer
13%
5 Nationals SP Jordan Zimmermann
13%
6 Mariners 2B Jorge Polanco
13%
4 Astros SP J.R. Richard
13%
14 Free Agent SP Leon Day
13%
6 Athletics 1B Mark McGwire
13%
8 Mets LF Michael Cuddyer
13%
9 Royals 3B Mike Moustakas
13%
1 Angels C Mike Napoli
13%
Rangers SP Nathan Eovaldi
13%
11 Mets SP Nolan McLean
13%
6 Free Agent CF Oscar Charleston
13%
10 Yankees CP Rich Gossage
13%
3 Twins 2B Rod Carew
13%
6 Phillies 1B Ryan Howard
13%
7 Nationals 3B Ryan Zimmerman
13%
1 Cubs 2B Ryne Sandberg
13%
Athletics RP Sean Newcomb
13%
Cardinals SP Sonny Gray
13%
11 Phillies SP Steve Carlton
13%
3 D-Backs CF Steve Finley
13%
6 Guardians SP Tanner Bibee
13%
1 Cardinals C Ted Simmons
13%
12 Mets SP Tom Seaver
13%
1 Twins CF Torii Hunter
13%
3 Angels 3B Troy Glaus
13%
7 Tigers RP Troy Melton
13%
11 Cardinals LF Tyler O'Neill
13%
7 Athletics LF Tyler Soderstrom
13%
8 Twins CF Walker Jenkins
13%
Rangers LF Wyatt Langford
13%
1 White Sox SP Aaron Civale
9%
14 Mets SP Al Leiter
9%
8 Yankees SP Andy Pettitte
9%
15 Free Agent SP Bill Foster
9%
3 Free Agent C Biz Mackey
9%
7 Cubs RP Brad Keller
9%
13 Free Agent SP Bullet Joe Rogan
9%
5 Blue Jays 1B Carlos Delgado
9%
10 Royals C Carter Jensen
9%
7 Rockies 1B Charlie Condon
9%
3 Padres 3B Chase Headley
9%
5 Red Sox SP Clay Buchholz
9%
17 Phillies SP Cliff Lee
9%
6 Orioles 3B Coby Mayo
9%
8 Nationals RF Dylan Crews
9%
5 Braves 3B Eddie Mathews
9%
5 Mariners RP Gabe Speier
9%
6 Nationals SS Ian Desmond
9%
15 Brewers 1B Jake Bauers
9%
16 Brewers RP Jared Koenig
9%
16 Yankees 1B Jason Giambi
9%
10 Brewers SS Jesus Made
9%
5 Twins SP Jim Kaat
9%
7 Cardinals SS J.J. Wetherholt
9%
10 Red Sox LF Jonny Gomes
9%
6 Astros RF Josh Reddick
9%
7 Pirates SS Konnor Griffin
9%
5 Astros RF Lance Berkman
9%
2 Twins 2B Luke Keaschall
9%
12 Mariners RP Matt Brash
9%
8 Cardinals RP Matt Svanson
9%
9 Yankees SP Mike Mussina
9%
20 Yankees CF Nick Swisher
9%
3 Rangers 1B Rafael Palmeiro
9%
2 Reds RF Reggie Sanders
9%
7 Mets CF Richie Ashburn
9%
5 Cardinals CF Rick Ankiel
9%
10 Reds RP Rob Dibble
9%
8 Astros SP Roy Oswalt
9%
11 Free Agent SP Rube Foster
9%
10 Braves LF Ryan Klesko
9%
7 Reds 1B Spencer Steer
9%
11 Royals SP Stephen Kolek
9%
4 Nationals LF Tim Raines
9%
2 Rockies SP Ubaldo Jimenez
9%
5 Rockies 1B Warming Bernabel
9%
21 Free Agent SP Andy Cooper
4%
6 Reds SP Brady Singer
4%
9 Free Agent 1B Buck Leonard
4%
12 Brewers SP Chad Patrick
4%
16 Red Sox CP Craig Kimbrel
4%
2 Angels LF Don Baylor
4%
Rays SP Drew Rasmussen
4%
3 Rays LF Jake Mangum
4%
2 Marlins CF Jakob Marsee
4%
Rockies RP Jimmy Herget
4%
20 Free Agent SP Jose Mendez
4%
5 Orioles SP Kyle Bradish
4%
12 Guardians CF Larry Doby
4%
3 Athletics SS Leodalis De Vries
4%
12 Free Agent SP Leroy Matlock
4%
2 Rangers CF Michael Helman
4%
10 Free Agent LF Monte Irvin
4%
17 Free Agent RF Rap Dixon
4%
7 Guardians 2B Travis Bazzana
4%
18 Free Agent CF Turkey Stearnes
4%
5 Tigers RP Tyler Holton
4%
6 Red Sox 3B Wade Boggs
4%
5 Pirates LF Willie Stargell
4%
12 Royals CF Garrett Hampson
0%
5 Royals RF Jac Caglianone
0%
9 Braves RF Jeff Franceour
0%
24 Yankees RP Jonathan Loaisiga
0%
1 Tigers SS Kevin McGonigle
0%
6 Pirates 1B Spencer Horwitz
0%
12 Cardinals RF Stan Musial
0%
No matching quizzes found
Score Distribution
Percent of People with Each Score
Percentile by Number Answered
Your Score History
You have not taken this quiz since the last reset